000 00927cam a2200265 i 4500
003 SA-RiAUC
005 20251103112155.0
008 251101s1962 su g 00000 ara c
040 _aSA-RiKSU
_bara
_cSA-RiAUC
_erda
043 _aa-su---
082 0 4 _a352.609531
090 _a352.609531
_bس ع و
110 _aالسعودية
_eمؤلف
245 0 0 _aنظام استخدام الموظفين الصحيين.
250 _aالطبعة الثانية.
264 1 _aمكة المكرمة :
_bمطبعة الحكومة،
_c[1962]
300 _a24 صفحة؛
_c24 سم.
336 _aنص
_btxt
_2rdacontent
_3كتاب
337 _aبدون وسيط
_bn
_2rdamedia
338 _aمجلد
_bnc
_2rdacarrier
650 7 _aالعمل والعمال
_zالسعودية
_2aucsh
651 7 _aالسعودية
_xموظفون ومسؤولون
_2aucsh
942 _2ddc
_cBOOK
_n0
949 _aSA-JeALM
_d251101
_umohamedma123
_n1
999 _c12955
_d12955